how well do you know the seven deadly sins - Statistics

General Stats
  • This quiz has been taken 1,282 times
  • The average score is 13 of 15
Answer Stats
Hint Answer % Correct
the fox sin Ban
100%
the dragon sin Meliodas
98%
the boar sin Merlin
98%
the serpent sin Diane
96%
the grizzly sin King
96%
the third princess of Liones Elizabeth
94%
the lion sin Escanor
93%
the goat sin Gowther
93%
the scraps disposer Hawk
90%
Ban's love Elaine
88%
holy knight trained by Meliodas Gilthunder
85%
king's real name Harlequin
85%
the second princess of Liones Veronica
76%
holy knight who likes Diane Howzer
74%
the first princess of Liones Margaret
73%
No matching quizzes found
Score Distribution
Percent of People with Each Score
Percentile by Number Answered
Your Score History
You have not taken this quiz